MARC details
| 000 -CABECERA |
| campo de control de longitud fija |
01906nam a2200313 i 4500 |
| 003 - IDENTIFICADOR DEL NÚMERO DE CONTROL |
| campo de control |
DO-SdBNP |
| 005 - FECHA Y HORA DE LA ÚLTIMA TRANSACCIÓN |
| campo de control |
20250611073818.0 |
| 007 - CAMPO FIJO DE DESCRIPCIÓN FÍSICA--INFORMACIÓN GENERAL |
| campo de control de longitud fija |
ta |
| 008 - DATOS DE LONGITUD FIJA--INFORMACIÓN GENERAL |
| campo de control de longitud fija |
210524e2012 dr ||||grl|||o001 0 spa d |
| 022 ## - NÚMERO INTERNACIONAL NORMALIZADO PARA PUBLICACIONES SERIADAS |
| Fuente |
9789945436761 |
| 040 ## - FUENTE DE LA CATALOGACIÓN |
| Centro catalogador/agencia de origen |
DO-SdBNP |
| Lengua de catalogación |
spa |
| Centro/agencia transcriptor |
BNPHU |
| Normas de descripción |
rda |
| 041 ## - CÓDIGO DE LENGUA |
| Código de lengua original |
spa |
| 082 #4 - NÚMERO DE LA CLASIFICACIÓN DECIMAL DEWEY |
| Número de clasificación |
362.1969792 |
| Número de documento/Ítem |
R426n |
| Número de edición |
22 |
| 110 1# - ENTRADA PRINCIPAL--NOMBRE DE ENTIDAD CORPORATIVA |
| Nombre de entidad corporativa o nombre de jurisdicción como elemento de entrada |
República Dominicana. |
| Unidad subordinada |
Ministerio de Salud Pública |
| 9 (RLIN) |
80830 |
| 245 00 - MENCIÓN DE TÍTULO |
| Título |
Norma nacional para la prevención y atención de las infecciones de transmisión sexual y sida / |
| Mención de responsabilidad, etc. |
coordinación general José Rodriguez Aybar. |
| 264 ## - PRODUCCIÓN, PUBLICACIÓN, DISTRIBUCIÓN, FABRICACIÓN Y COPYRIGHT |
| Producción, publicación, distribución, fabricación y copyright |
Santo Domingo : |
| Nombre del de productor, editor, distribuidor, fabricante |
Ministerio de Salud Pública, |
| Fecha de producción, publicación, distribución, fabricación o copyright |
2012. |
| 300 ## - DESCRIPCIÓN FÍSICA |
| Extensión |
33 páginas ; |
| Dimensiones |
25 cm. |
| 336 ## - TIPO DE CONTENIDO |
| Fuente |
rdacontent |
| Término de tipo de contenido |
texto |
| Código de tipo de contenido |
txt |
| 337 ## - TIPO DE MEDIO |
| Fuente |
rdamedia |
| Nombre/término del tipo de medio |
sin mediación |
| Código del tipo de medio |
n |
| 338 ## - TIPO DE SOPORTE |
| Fuente |
rdacarrier |
| Nombre/término del tipo de soporte |
volumen |
| Código del tipo de soporte |
nc |
| 504 ## - NOTA DE BIBLIOGRAFÍA, ETC. |
| Nota de bibliografía, etc. |
Bibliografía : p.31-33 |
| 505 0# - NOTA DE CONTENIDO CON FORMATO |
| Nota de contenido con formato |
0- Introducción.-- |
| Título |
1. Objeto 1.-- |
| -- |
2. Ámbito de aplicación.-- |
| -- |
3. Marco legal.-- |
| -- |
4. Definiciones.-- |
| -- |
5. De las acciones de Salud Colectiva con respecto a ITS/VIH/SIDA.-- |
| -- |
6. De la investigación en ITS/VIH/SIDA dentro del Sistema Nacional de Salud.-- |
| -- |
7. De la promoción y prevención en ITS/VIH/SIDA .-- |
| -- |
8. De la atención integral en ITS/VIH/SIDA.-- |
| -- |
9. De los servicios de consejeria para las ITS/VIH/SIDA.-- |
| -- |
10 De la transmisón materno infantil del VIH, SIFILIS y otras ITS.-- |
| -- |
11. De los servicios de laboratorio y banco de sangre.-- |
| -- |
12. Sobre la vigilancia epidemiológica, monitoreo, evaluación y sistema de información sobre ITS/VIH/SIDA en el Sistema Nacional de Salud.-- |
| -- |
13. Disposiciones finales.-- |
| -- |
14. Bibliografía. |
| 590 ## - NOTA LOCAL (RLIN) |
| Nota local |
Inventariado, 2022/MFF |
| 650 #4 - PUNTO DE ACCESO ADICIONAL DE MATERIA--TÉRMINO DE MATERIA |
| Término de materia o nombre geográfico como elemento de entrada |
Enfermedades de transmisión sexual |
| Subdivisión general |
Prevención y control |
| 9 (RLIN) |
13967 |
| 650 #0 - PUNTO DE ACCESO ADICIONAL DE MATERIA--TÉRMINO DE MATERIA |
| Término de materia o nombre geográfico como elemento de entrada |
SIDA (Enfermedad) |
| Subdivisión general |
Prevención y control |
| 9 (RLIN) |
52709 |
| 650 #4 - PUNTO DE ACCESO ADICIONAL DE MATERIA--TÉRMINO DE MATERIA |
| Término de materia o nombre geográfico como elemento de entrada |
Servicios de salud |
| Subdivisión general |
Normas |
| 9 (RLIN) |
81119 |
| 700 1# - PUNTO DE ACCESO ADICIONAL--NOMBRE DE PERSONA |
| Nombre de persona |
Rodríguez Aybar , José Francisco |
| Término indicativo de función/relación |
coordinador |
| 9 (RLIN) |
81120 |
| 942 ## - ELEMENTOS DE PUNTO DE ACCESO ADICIONAL (KOHA) |
| Fuente del sistema de clasificación o colocación |
Dewey Decimal Classification |
| Tipo de ítem Koha |
Folleto |